000 00505nab a2200145 4500
003 ES-SlBCS
005 20230517074811.0
008 150109s2014 sp ||||| |||| 00| 0 spa d
040 _aES-SlBCS
_bspa
100 1 _aBlázquez, Niceto
_928632
245 1 0 _aConferencia de Xavier Zubiri para la historia
_cNiceto Blázquez
600 1 0 _aZubiri, Xavier
_d(1898-1983)
_xCrítica e interpretación
_9120105
773 0 _gVol. 54, Nº 3, 2014, págs. 425-453
_tStudium (Madrid)
_wRev443
_x0585-766X
942 _2lcc
_cAR
999 _c850261
_d850261